Η ευρωπαϊκή πολιτική άμυνας και ασφάλειας σε σταυροδρόμι : η σημασία της για την παγκόσμια και περιφερειακή ασφάλεια

Αποθηκεύτηκε σε:
Λεπτομέρειες βιβλιογραφικής εγγραφής
Άλλοι συγγραφείς: Ντάλης, Σωτήρης (Επιμελητής έκδοσης), Τσάκωνας, Παναγιώτης Ι. (Επιμελητής έκδοσης)
Μορφή: Βιβλίο
Γλώσσα:Greek
Δημοσίευση: Αθήνα : Σιδέρης, 2004.
Σειρά:Βιβλιοθήκη διεθνών και ευρωπαϊκών μελετών
Θέματα:
Ετικέτες: Προσθήκη ετικέτας
Δεν υπάρχουν, Καταχωρήστε ετικέτα πρώτοι!

MARC

LEADER 00000cam a2200000 i 4500
001 1/96286
008 081031s2004 gr | ||| |||| ||gre||
020 |a 9600803188 
035 |l 10101281 
040 |a GR-MY-UA  |b gre  |e aacr 
041 0 |a gre 
082 7 |a 355.03304   |2 (22) 
245 0 2 |a Η ευρωπαϊκή πολιτική άμυνας και ασφάλειας σε σταυροδρόμι :   |b η σημασία της για την παγκόσμια και περιφερειακή ασφάλεια /   |c εισαγωγή, επιμέλεια: Σωτήρης Ντάλης, Παναγιώτης Ι. Τσάκωνας.  
260 |a Αθήνα :   |b Σιδέρης,   |c 2004.  
300 |a 482 σ. ;   |c 24 εκ.  
490 1 |a (Βιβλιοθήκη διεθνών και ευρωπαϊκών μελετών)  
504 |a Περιλαμβάνει βιβλιογραφικές παραπομπές.  
650 0 0 |a National security  |z Europe. 
651 0 |a Europe  |x Defenses. 
651 0 |a Europe  |x Military policy. 
700 1 |a Ντάλης, Σωτήρης,  |e edt 
700 1 |a Τσάκωνας, Παναγιώτης Ι.  |e edt 
830 0 |a Βιβλιοθήκη διεθνών και ευρωπαϊκών μελετών 
852 |a INST  |b RHODES  |e 20081031  |h 355.03304 ΕΥΡ  |p 005400031169  |q 005400031169  |t BK  |y 0 
852 |a INST  |b RHODES  |e 20081204  |h 355.03304 ΕΥΡ  |p 005400031557  |q 005400031557  |t BK  |y 0 
901 |a BIBL4-2008-3 
970 |a ΚΟΖΑ  |b ΜΑΡΙΑ  |z 2008/10/31